000 00791nam0a22002411 4500
001 v19\rc\2063519
005 20081111140616.2
035 _a(NLR Aleph) 005139853
090 _a4792105
_c4792105
100 _a20081111d1910 |||y0rusy50 ca
101 0 _arus
102 _aRU
105 _ay z |||||
200 1 _aКраткая история развития вопроса о сточных водах
_e[Начало]
_fФ.Ф. Киркор
210 _a[Киев]
_cтип. акц. о-ва "Петр Барский"
_d[1910]
215 _a4 с.
_d27
309 _aБез тит. л. и обл.
700 1 _aКиркор
_bФ. Ф.
_gФедор Францевич
801 0 _aRU
_bNLR
_gpsbo
801 1 _aRU
_bProSoft-M
_2rusmarc
852 _aNLR
_j34.85.2.489
942 _cBOOK
980 _aNB